000 00539nam a2200205 a 4500
001 BRCA_7834
005 20190320210021.0
008 071113s1963----gw-ab#####---#000-0#ger-#
041 _ager
044 _agw
050 4 _aNK2808
_b.L54
_c1963
100 1 _aLiebetrau, Preben
_919394
245 1 0 _aOrientteppiche in Farben
_cPreben Liebetrau.
260 _aBerlín
_bM. Hahn
_c1963
300 _a140 p.
_bil. a color, 64 láminas, mapas
_c19 cm.
500 _aY34
650 1 4 _aTapetes orientales
_97601
902 _aGFM
942 _2lcc
_cB
999 _c7508
_d7508